Disciplina (Record no. 63957)

MARC details
000 -LÍDER
campo de controle de tamanho fixo 00483 a2200157 4500
001 - NÚMERO DE CONTROLE
campo de controle 63957
020 ## - ISBN - INTERNATIONAL STANDARD BOOK NUMBER
ISBN - International Standard Book Number 8585819030 (broch.)
040 ## - FONTE DA CATALOGAÇÃO
Instituição que transcreveu o registro Anchieta - Pituba
100 ## - ENTRADA PRINCIPAL--NOME PESSOAL
Nome pessoal Vasconcellos, Celso dos S.
240 10 - TÍTULO UNIFORME
Título uniforme Disciplina
Idioma da obra por
245 10 - TÍTULO
Título Disciplina
300 ## - DESCRIÇÃO FÍSICA
Extensão 110p.
362 0# - DATAS DE PUBLICAÇÃO E/OU DESIGNAÇÃO SEQUENCIAL
Datas de publicação e/ou designação sequencial 1998
650 #4 - ASSUNTO--TERMO TÓPICO
Cabeçalho tópico ou nome geográfico Disciplinas escolares e atividades relacionadas : regulamentos / punições / suspensões / expulsões / delinqüência, vandalismo / violência / Monitores
942 ## - ELEMENTOS DE ENTRADA ADICIONADOS (KOHA)
Tipo de material Koha Livros
Holdings
Situação do descarte Situação das perdas Situação física Não pode ser emprestado Biblioteca de origem Biblioteca atual Data de aquisição Total de empréstimos Número de chamada completo Código de barras Data de último acesso Data do preço efetivo Tipo de material Koha
        Colégio Anchieta - Pituba Colégio Anchieta - Pituba 21/11/2023   371.5 V331d VAS DIS 17561/PIT 21/11/2023 21/11/2023 Livros